000 00935cam a2200277 i 4500
999 _c67522
_d67522
001 67522
003 Mx-PuUPA
005 20210528100419.0
008 170623s2013 mx a r 000 0 spa d
020 _a9786074875416
040 _aMX-PuUPA
_bspa
_erda
_cMx-PuUPA
_dMx-PuUPA
041 0 _aspa
100 1 _aGutiérrez Herrera, José Luis,
_eautor
_96692
245 1 3 _aEl arte y la medicina clínica a través de la pintura y la escultura /
_cJosé Luis Gutiérrez Herrera
250 _aPrimera edición
264 1 _aPuebla, Pue. :
_bBenemérita Universidad Autónoma de Puebla,
_c2013
300 _a166 páginas :
_bilustraciones ;
_c28 cm
336 _atexto
_2rdacontent
_btxt
337 _asin medio
_2rdamedia
_bn
338 _avolumen
_2rdacarrier
_bnc
650 4 _aMedicina en el arte
650 4 _aPinturas
650 4 _aEsculturas
942 _h700.4561
_iG983
_cLI
_2ddc